[Event "Gruppe C | DWZ 1900 - 1701"]
[Site "61.HEM Erlensee 2007"]
[Date "2007.04.06"]
[Round "4.1"]
[White "Karsten, Heinrich"]
[Black "Zuyev, Igor"]
[Result "0-1"]
[WhiteElo "2077"]
[BlackElo "2172"]
[PlyCount "70"]
[EventDate "2007.??.??"]

1. c4 c5 2. Nf3 g6 3. d4 cxd4 4. Nxd4 Nc6 5. Nc3 Bg7 6. Nc2 Bxc3+ 7. bxc3 Qa5
8. Bd2 Nf6 9. f3 d6 10. Nd4 O-O 11. e4 Bd7 12. Qb3 Rab8 13. Be2 Rfc8 14. Rd1
Ne5 15. Rb1 Qc5 16. O-O Nxc4 17. Bxc4 Qxc4 18. Rfc1 Kg7 19. Be3 b6 20. Kf2 e5
21. Ne2 d5 22. Qxc4 Rxc4 23. Rd1 dxe4 24. Rd6 exf3 25. gxf3 Ra4 26. Rb2 Rc8 27.
Bg5 Be6 28. Kg2 Nd5 29. Bd2 Kf6 30. Rb5 Rc5 31. Rxc5 bxc5 32. Ng3 Rxa2 33. Ne4+
Ke7 34. Kg3 f5 35. Bg5+ Kf7 0-1

[Event "Gruppe C | DWZ 1900 - 1701"]
[Site "61.HEM Erlensee 2007"]
[Date "2007.04.06"]
[Round "4.2"]
[White "Storck, Eike-Werner"]
[Black "Wuestehube, Axel"]
[Result "1/2-1/2"]
[WhiteElo "1895"]
[BlackElo "1886"]
[PlyCount "123"]
[EventDate "2007.??.??"]

1. d4 Nf6 2. c4 e6 3. Nc3 Bb4 4. e3 O-O 5. Nge2 b6 6. a3 Bxc3+ 7. Nxc3 Bb7 8.
f3 d5 9. cxd5 exd5 10. Bd3 c5 11. O-O Nc6 12. dxc5 bxc5 13. e4 c4 14. exd5 cxd3
15. dxc6 Qd4+ 16. Rf2 Bxc6 17. Bg5 Nd5 18. Nxd5 Bxd5 19. Qd2 Rfe8 20. Re1 Rxe1+
21. Qxe1 Bb3 22. Qe3 Qd5 23. Rd2 Bc2 24. Bf4 f6 25. Kf2 Kf7 26. Qe4 Qxe4 27.
fxe4 Rc8 28. Be3 a6 29. Bd4 a5 30. b4 axb4 31. axb4 Rc4 32. Ke3 Rxb4 33. Rf2
Ke6 34. Bc3 Rxe4+ 35. Kd2 Rc4 36. g3 Rc5 37. Rf4 Rf5 38. Rxf5 Kxf5 39. Ke3 Kg4
40. Kf2 Kh3 41. Kg1 Bd1 42. Bd2 h5 43. Be3 h4 44. gxh4 Kxh4 45. Kg2 Kg4 46. Bd2
g5 47. Kf2 Be2 48. Kg2 f5 49. Kf2 f4 50. Kg2 Kf5 51. Kf2 Ke4 52. Ba5 g4 53. Bd2
f3 54. Ke1 Kd4 55. Kf2 Kc4 56. Ke1 Kb3 57. Bf4 Kc2 58. Be3 Bd1 59. Bf4 d2+ 60.
Bxd2 f2+ 61. Kxf2 Kxd2 62. Kg3 1/2-1/2

[Event "Gruppe C | DWZ 1900 - 1701"]
[Site "61.HEM Erlensee 2007"]
[Date "2007.04.06"]
[Round "4.3"]
[White "von Chamier, Ralf"]
[Black "Will, Jens Robert"]
[Result "1/2-1/2"]
[WhiteElo "1837"]
[BlackElo "1970"]
[PlyCount "41"]
[EventDate "2007.??.??"]

1. Nf3 g6 2. g3 Bg7 3. Bg2 f5 4. c3 Nf6 5. Qb3 c6 6. O-O Qb6 7. d3 d6 8. Be3
Qxb3 9. axb3 a6 10. Nbd2 Nd5 11. Nc4 Nxe3 12. fxe3 Be6 13. Ng5 Bxc4 14. bxc4
Bh6 15. Ne6 Bxe3+ 16. Kh1 Kd7 17. Rf3 Bh6 18. Nd4 e5 19. Nb3 Ke6 20. e4 Nd7 21.
Bh3 1/2-1/2

[Event "Gruppe C | DWZ 1900 - 1701"]
[Site "61.HEM Erlensee 2007"]
[Date "2007.04.06"]
[Round "4.4"]
[White "Smit, Josip"]
[Black "Haftmann, Rainer"]
[Result "1/2-1/2"]
[WhiteElo "2049"]
[BlackElo "1765"]
[PlyCount "72"]
[EventDate "2007.??.??"]

1. d4 Nf6 2. Nf3 e6 3. c4 d5 4. g3 c6 5. Bg2 Be7 6. O-O O-O 7. Qc2 Nbd7 8. Nbd2
b6 9. e4 dxe4 10. Nxe4 Bb7 11. Nc3 c5 12. d5 exd5 13. Ng5 Ne4 14. Ngxe4 dxe4
15. Nxe4 h6 16. Rd1 Qc8 17. Bf4 f5 18. Nd6 Bxd6 19. Bxb7 Qxb7 20. Rxd6 Rae8 21.
Rad1 Nf6 22. Qxf5 Qf3 23. R6d3 Qe2 24. R1d2 Qe1+ 25. Kg2 Ne4 26. Qd5+ Kh8 27.
Rc2 Qb1 28. Re2 Nf6 29. Rxe8 Rxe8 30. Qf5 Qxb2 31. Rd6 Ng8 32. Qf7 Re7 33. Qf8
Qe2 34. Rd8 Qe4+ 35. Kg1 Qe1+ 36. Kg2 Qe4+ 1/2-1/2

[Event "Gruppe C | DWZ 1900 - 1701"]
[Site "61.HEM Erlensee 2007"]
[Date "2007.04.06"]
[Round "4.5"]
[White "Rack, Matthias"]
[Black "Libuda, Thomas"]
[Result "1-0"]
[WhiteElo "2040"]
[BlackElo "2009"]
[PlyCount "55"]
[EventDate "2007.??.??"]

1. Nf3 g6 2. g3 Bg7 3. Bg2 d6 4. d3 Nc6 5. O-O Nf6 6. e4 O-O 7. Nbd2 Rb8 8. c3
a6 9. Re1 b5 10. h3 e5 11. Qc2 Be6 12. d4 exd4 13. Nxd4 Nxd4 14. cxd4 Qc8 15.
Kh2 d5 16. e5 Nd7 17. Nb3 Re8 18. Bf4 f6 19. exf6 Bxf6 20. Rxe6 Rxe6 21. Bxd5
Nb6 22. Bxe6+ Qxe6 23. Nc5 Qc6 24. Be3 Re8 25. Rc1 Nc4 26. Qb3 Qf3 27. Rxc4
Rxe3 28. Qxe3 1-0

[Event "Gruppe C | DWZ 1900 - 1701"]
[Site "61.HEM Erlensee 2007"]
[Date "2007.04.06"]
[Round "4.6"]
[White "Gutacker, Stephan"]
[Black "Fischer, Arthur"]
[Result "1-0"]
[WhiteElo "1980"]
[BlackElo "2074"]
[PlyCount "115"]
[EventDate "2007.??.??"]

1. e4 e6 2. d4 d5 3. Nd2 c5 4. c3 cxd4 5. cxd4 Nc6 6. exd5 exd5 7. Ngf3 Nf6 8.
Be2 Bd6 9. O-O O-O 10. Re1 Bg4 11. Nf1 Bc7 12. Ng3 Ne4 13. Be3 Re8 14. Nd2 Bxe2
15. Rxe2 Qd6 16. Nf3 Rad8 17. Rc1 Bb6 18. a3 Ne7 19. Rec2 Ng6 20. Nd2 Nf4 21.
Nb3 Qf6 22. Qf3 Nxg3 23. hxg3 Ne6 24. Qxf6 gxf6 25. a4 a6 26. Rc3 Kf8 27. f3
Kg7 28. Kf2 Kg6 29. g4 f5 30. gxf5+ Kxf5 31. g4+ Kg6 32. f4 f5 33. Rg1 Rc8 34.
Kf3 Rxc3 35. bxc3 Rc8 36. Bd2 Kf6 37. g5+ Kf7 38. Rh1 Rh8 39. Rh6 Bd8 40. Nc1
Be7 41. Nd3 Nc7 42. Ne5+ Kg7 43. Rb6 Rc8 44. Rxb7 Kf8 45. Kg3 Kg7 46. Nf3 Bd6
47. Nh4 Rf8 48. Rb6 Be7 49. Rc6 Bd8 50. Bc1 Rf7 51. Ba3 Kg8 52. Bd6 a5 53. Be5
Kf8 54. Rc5 h6 55. gxh6 Ne6 56. Rxd5 Bxh4+ 57. Kxh4 Rh7 58. Kh5 1-0

[Event "Gruppe C | DWZ 1900 - 1701"]
[Site "61.HEM Erlensee 2007"]
[Date "2007.04.06"]
[Round "4.8"]
[White "Eg, Karlheinz"]
[Black "Schaal, Benedikt"]
[Result "1/2-1/2"]
[WhiteElo "2065"]
[BlackElo "1841"]
[PlyCount "86"]
[EventDate "2007.??.??"]

1. e4 c6 2. d4 d5 3. exd5 cxd5 4. c4 Nc6 5. Nc3 Nf6 6. Be3 Bf5 7. Nf3 e6 8. a3
Ne4 9. Rc1 Qb6 10. Na4 Qa5+ 11. Nd2 Be7 12. b4 Nxb4 13. axb4 Bxb4 14. Ra1 O-O
15. f3 Nxd2 16. Bxd2 dxc4 17. Bxb4 Qxb4+ 18. Qd2 Qxd2+ 19. Kxd2 b5 20. Nc5 Rfd8
21. Kc3 e5 22. dxe5 Rd5 23. Na6 Rxe5 24. g4 Bd7 25. f4 Re3+ 26. Kd4 Re7 27. h3
f5 28. gxf5 Bxf5 29. Bg2 Rc8 30. Rhe1 Rxe1 31. Rxe1 Kf7 32. Re5 Kf6 33. Rxb5 c3
34. Rc5 Rxc5 35. Nxc5 c2 36. Nb3 g5 37. Ke3 h5 38. Be4 a5 39. Bxf5 c1=Q+ 40.
Nxc1 Kxf5 41. fxg5 Kxg5 42. Kf3 Kf5 43. h4 a4 1/2-1/2

[Event "Gruppe C | DWZ 1900 - 1701"]
[Site "61.HEM Erlensee 2007"]
[Date "2007.04.06"]
[Round "4.9"]
[White "Froehlich Dill, Astrid"]
[Black "Makilla, Tobias"]
[Result "1/2-1/2"]
[WhiteElo "1970"]
[BlackElo "1923"]
[PlyCount "132"]
[EventDate "2007.??.??"]

1. d4 d5 2. c4 Nc6 3. Nf3 e5 4. e3 Bg4 5. cxd5 Qxd5 6. Nc3 Bb4 7. Be2 exd4 8.
Nxd4 Bxe2 9. Kxe2 Nxd4+ 10. Qxd4 Qxd4 11. exd4 O-O-O 12. Be3 Ne7 13. Rac1 Ba5
14. Rhd1 Rhe8 15. Kf1 Nf5 16. Rd3 Re7 17. g4 Nd6 18. b4 Bb6 19. Nd5 Red7 20.
Nxb6+ axb6 21. d5 Kb8 22. a4 Nc8 23. Bf4 Ne7 24. a5 bxa5 25. bxa5 Nxd5 26. Rxd5
Rxd5 27. Bxc7+ Kc8 28. Bb6+ Kd7 29. Rc7+ Ke6 30. Rxb7 Ra8 31. Ke2 Rd7 32. Rxd7
Kxd7 33. f4 Kc6 34. h4 Kd5 35. Kf3 f5 36. gxf5 h5 37. Bc7 Rf8 38. Be5 Rxf5 39.
Bxg7 Ke6 40. Be5 Kd5 41. a6 Rf7 42. Bb8 Rf6 43. a7 Ra6 44. f5 Ra4 45. Ke3 Kc6
46. Be5 Kd7 47. Bd4 Ke7 48. Ke4 Kd6 49. f6 Ke6 50. f7 Kxf7 51. Kd5 Kg6 52. Kc6
Rxd4 53. a8=Q Rxh4 54. Qe8+ Kg5 55. Kd5 Rf4 56. Qg8+ Kh4 57. Ke5 Rg4 58. Qf7
Rg5+ 59. Ke4 Rg4+ 60. Ke3 Rg3+ 61. Ke2 Rg4 62. Kf2 Kg5 63. Kf3 Kh6 64. Qf6+ Kh7
65. Qf8 Kg6 66. Qe8+ Kh6 1/2-1/2

[Event "Gruppe C | DWZ 1900 - 1701"]
[Site "61.HEM Erlensee 2007"]
[Date "2007.04.06"]
[Round "4.10"]
[White "Achelrod, Alexandre"]
[Black "Scholz, Uwe"]
[Result "0-1"]
[WhiteElo "1873"]
[BlackElo "1733"]
[PlyCount "129"]
[EventDate "2007.??.??"]

1. d4 Nf6 2. c4 d6 3. Nc3 g6 4. e4 Bg7 5. f3 O-O 6. Be3 e5 7. Nge2 Re8 8. Qd2
c6 9. O-O-O Qa5 10. g4 b5 11. Ng3 b4 12. Nb1 Qxa2 13. dxe5 dxe5 14. Qxb4 Bf8
15. c5 Na6 16. Qc3 Rb8 17. Bc4 Qa1 18. Bxa6 Qxa6 19. Rd3 Be6 20. Qa3 Qb5 21.
Rhd1 Rb7 22. Nc3 Qc4 23. R1d2 Nd7 24. Qa4 Nxc5 25. Bxc5 Qxc5 26. Rd8 Rxd8 27.
Rxd8 Kg7 28. Rd2 Qe3 29. Nd1 Qxf3 30. Qxc6 Rb8 31. Qa6 Bb4 32. Rd3 Qxg4 33.
Qxa7 Rc8+ 34. Nc3 Qf4+ 35. Qe3 Bc4 36. Nge2 Qxh2 37. Rd2 Bb3 38. Qf3 Qh4 39.
Qg3 Qh1+ 40. Qg1 Qxe4 41. Ng3 Qa8 42. Kb1 Rxc3 43. bxc3 Bxc3 44. Rb2 Bxb2 45.
Kxb2 Qa2+ 46. Kc3 Qc2+ 47. Kb4 Bd5 48. Nh5+ Kh6 49. Ng3 Qc4+ 50. Ka5 Qf4 51.
Kb5 Bf3 52. Ka5 f5 53. Nf1 Bg4 54. Ne3 Kg5 55. Nd5 Qd2+ 56. Nb4 f4 57. Kb5 Qe3
58. Qa1 Bd7+ 59. Kc4 Qd4+ 60. Qxd4 exd4 61. Kxd4 Kg4 62. Nd3 Bb5 63. Ne5+ Kg3
64. Ke4 Ba6 65. Nf7 0-1

[Event "Gruppe C | DWZ 1900 - 1701"]
[Site "61.HEM Erlensee 2007"]
[Date "2007.04.06"]
[Round "4.11"]
[White "Gauf, Wolfgang"]
[Black "Winter, Lars"]
[Result "0-1"]
[WhiteElo "1814"]
[BlackElo "2062"]
[PlyCount "56"]
[EventDate "2007.??.??"]

1. e4 c5 2. Nf3 Nc6 3. d4 cxd4 4. Nxd4 e5 5. Nb5 d6 6. N1c3 a6 7. Na3 b5 8. Nd5
Nce7 9. c4 Nxd5 10. Qxd5 Be6 11. Qd1 b4 12. Nc2 a5 13. Be2 Be7 14. O-O Nf6 15.
f3 O-O 16. Be3 Nd7 17. Qd2 f5 18. Rad1 f4 19. Bf2 Qe8 20. Kh1 Qh5 21. g4 Qh3
22. Bg1 h5 23. gxh5 Nf6 24. Qe1 Nxh5 25. Bf2 Kf7 26. Rg1 Rh8 27. Qf1 Qxh2+ 28.
Kxh2 Ng3+ 0-1

[Event "Gruppe C | DWZ 1900 - 1701"]
[Site "61.HEM Erlensee 2007"]
[Date "2007.04.06"]
[Round "4.12"]
[White "Weiland, Thomas"]
[Black "Friedrich, Helmut"]
[Result "1-0"]
[WhiteElo "1995"]
[BlackElo "1725"]
[PlyCount "97"]
[EventDate "2007.??.??"]

1. e4 c5 2. Nf3 d6 3. Bb5+ Bd7 4. Nc3 Nf6 5. Qe2 g6 6. O-O Bg7 7. Re1 O-O 8.
Rb1 a6 9. Bxd7 Nbxd7 10. e5 dxe5 11. Nxe5 e6 12. d3 Nd5 13. Nxd7 Qxd7 14. Ne4
Rac8 15. Qf3 f6 16. a3 c4 17. d4 b6 18. c3 Qc7 19. Qh3 Rce8 20. g3 e5 21. dxe5
Rxe5 22. f4 Re7 23. Bd2 Rfe8 24. Qg2 f5 25. Ng5 Qc5+ 26. Kf1 Rxe1+ 27. Rxe1
Rxe1+ 28. Kxe1 Qe7+ 29. Kd1 Qd7 30. Kc1 h6 31. Nf3 Kh7 32. Qe2 b5 33. h4 Bf6
34. Ne5 Qe7 35. h5 g5 36. Qf3 Qe6 37. Ng6 Qe4 38. Qf2 Ne7 39. Nxe7 Qxe7 40.
fxg5 Bxg5 41. Qxf5+ Kh8 42. Qf2 Qe5 43. Qd4 Qxd4 44. cxd4 Bf6 45. d5 Kg7 46. d6
Bd8 47. Bf4 a5 48. Kc2 Bf6 49. b3 1-0

[Event "Gruppe C | DWZ 1900 - 1701"]
[Site "61.HEM Erlensee 2007"]
[Date "2007.04.06"]
[Round "4.13"]
[White "Adair, Robin"]
[Black "Dohne, Kai-Uwe"]
[Result "1-0"]
[WhiteElo "2033"]
[BlackElo "1767"]
[PlyCount "58"]
[EventDate "2007.??.??"]

1. c4 e5 2. Nc3 Nf6 3. g3 Nc6 4. Bg2 Bc5 5. e3 d6 6. Nf3 Bg4 7. h3 Be6 8. d4
Bxc4 9. dxc5 dxc5 10. Qxd8+ Rxd8 11. a3 h6 12. Nd2 Bd3 13. Bxc6+ bxc6 14. f3 c4
15. Kf2 Rb8 16. Nde4 Nd7 17. g4 O-O 18. Kg3 f5 19. Nf2 Bc2 20. Bd2 Nc5 21. Rac1
Bb3 22. Nb1 Rbe8 23. Bb4 fxg4 24. Bxc5 Rxf3+ 25. Kg2 e4 26. Nd2 g3 27. Nfxe4
Rf5 28. Nxg3 Rg5 29. Nxb3 Rxc5 1-0

[Event "Gruppe C | DWZ 1900 - 1701"]
[Site "61.HEM Erlensee 2007"]
[Date "2007.04.06"]
[Round "4.14"]
[White "Fussnecker, Manfred"]
[Black "Hoppe, Michael"]
[Result "1-0"]
[WhiteElo "2013"]
[BlackElo "1970"]
[PlyCount "145"]
[EventDate "2007.??.??"]

1. e4 c5 2. Nf3 Nc6 3. Bb5 d6 4. d4 Qa5+ 5. Nc3 cxd4 6. Qxd4 Bd7 7. Bxc6 Bxc6
8. Bg5 Nf6 9. O-O-O Qc5 10. Bxf6 exf6 11. Kb1 Qxd4 12. Nxd4 a6 13. Rhe1 O-O-O
14. f4 g6 15. Nb3 Bh6 16. g3 Rhe8 17. Na5 Bf8 18. Nc4 Kc7 19. a4 d5 20. exd5
Rxe1 21. Rxe1 Bxd5 22. Ne3 Bc6 23. Ng4 Bg7 24. f5 Bf3 25. Ne3 Bh6 26. Rf1 Bxe3
27. Rxf3 Bd4 28. Kc1 Rd6 29. Ne4 Rc6 30. c3 Be5 31. Nd2 Kd7 32. Kc2 Ke7 33. b3
h5 34. Nc4 b5 35. axb5 axb5 36. Na5 Rc8 37. b4 Bd6 38. Kb2 g5 39. h3 Be5 40.
Rd3 Rc7 41. Kb3 Rd7 42. Rxd7+ Kxd7 43. g4 hxg4 44. hxg4 Kc7 45. c4 Kb6 46. cxb5
Kxb5 47. Nc4 Bg3 48. Na3+ Kb6 49. Kc4 Bd6 50. Nc2 Be5 51. b5 Bf4 52. Nb4 Be5
53. Nd5+ Kb7 54. Kc5 Bb2 55. b6 Bc1 56. Kb5 Bb2 57. Ne3 Bd4 58. Nc4 Be5 59.
Na5+ Kb8 60. Kc6 Kc8 61. Nc4 Kd8 62. b7 Bb8 63. Nb6 Ke7 64. Nd7 Bf4 65. b8=Q
Bxb8 66. Nxb8 Ke8 67. Kd6 Kf8 68. Kd7 Kg8 69. Ke7 Kg7 70. Nd7 Kg8 71. Kxf6 Kh7
72. Kxf7 Kh6 73. Ke7 1-0

[Event "Gruppe C | DWZ 1900 - 1701"]
[Site "61.HEM Erlensee 2007"]
[Date "2007.04.06"]
[Round "4.15"]
[White "Schmitt, Carsten"]
[Black "Radtke, Thoralf"]
[Result "1-0"]
[WhiteElo "1829"]
[BlackElo "1718"]
[PlyCount "59"]
[EventDate "2007.??.??"]

1. e4 e6 2. b3 d5 3. Bb2 dxe4 4. Nc3 Nf6 5. g4 e3 6. fxe3 Nd5 7. Nf3 Be7 8. h4
Nc6 9. Qe2 Bf6 10. O-O-O Qe7 11. Bg2 Nxc3 12. dxc3 h6 13. Qd3 Bd7 14. g5 Be5
15. Qb5 Bd6 16. Qxb7 Rb8 17. Qa6 Rb6 18. Qd3 e5 19. Nd2 Bg4 20. Rdg1 Be6 21.
Bd5 Bxd5 22. Qxd5 Bc5 23. Nc4 Ra6 24. b4 Bxb4 25. cxb4 Nxb4 26. Qb5+ c6 27.
Qb8+ Qd8 28. Nd6+ Ke7 29. Nf5+ Kd7 30. Qxb4 1-0

[Event "Gruppe C | DWZ 1900 - 1701"]
[Site "61.HEM Erlensee 2007"]
[Date "2007.04.06"]
[Round "4.16"]
[White "Schaub, Thomas"]
[Black "Bosse, Volkmar"]
[Result "1-0"]
[WhiteElo "1744"]
[BlackElo "1997"]
[PlyCount "69"]
[EventDate "2007.??.??"]

1. e4 e6 2. d4 d5 3. Nd2 dxe4 4. Nxe4 Bd7 5. Nf3 Bc6 6. Bd3 Nd7 7. O-O Bxe4 8.
Bxe4 c6 9. c3 Ngf6 10. Bc2 Qc7 11. Re1 Bd6 12. h3 h6 13. c4 O-O-O 14. Qe2 Bf4
15. Bxf4 Qxf4 16. g3 Qc7 17. b4 g5 18. a4 Rdg8 19. Ne5 Nxe5 20. dxe5 Nd7 21.
Qe3 Qb6 22. Qc3 c5 23. Rab1 cxb4 24. Rxb4 Qc7 25. Be4 Nc5 26. Bg2 Rd8 27. Reb1
Rd3 28. Bxb7+ Kd8 29. Qe1 Ke7 30. Be4 Rd4 31. Rb7 Nxb7 32. Rxb7 Qxb7 33. Bxb7
Rxc4 34. Qe3 Rd8 35. Ba6 1-0

[Event "Gruppe C | DWZ 1900 - 1701"]
[Site "61.HEM Erlensee 2007"]
[Date "2007.04.06"]
[Round "4.17"]
[White "Geringer, Waldemar"]
[Black "Rompel, Michael"]
[Result "1-0"]
[WhiteElo "1886"]
[BlackElo "2051"]
[PlyCount "77"]
[EventDate "2007.??.??"]

1. d4 d5 2. Nf3 e6 3. c4 c6 4. g3 Bd6 5. Bg2 f5 6. c5 Bc7 7. O-O Nd7 8. Bf4
Ngf6 9. Ng5 Nf8 10. Qc2 Ng6 11. Bxc7 Qxc7 12. Nd2 O-O 13. f4 Re8 14. Ngf3 b6
15. b4 Ba6 16. Nb3 Ne4 17. Ne5 Ne7 18. Rfc1 Rac8 19. Bf3 Qd8 20. a4 Rf8 21. e3
g5 22. Qg2 g4 23. Be2 Bxe2 24. Qxe2 Rc7 25. b5 Qe8 26. cxb6 axb6 27. a5 bxa5
28. b6 Rb7 29. Qa6 Qa8 30. Rxa5 Qb8 31. Nxc6 Nxc6 32. Rxc6 Rc8 33. Rxc8+ Qxc8
34. Nc5 Nd6 35. Ra1 Rb8 36. Qxc8+ Nxc8 37. b7 Ne7 38. Ra8 Nc6 39. Nd7 1-0

[Event "Gruppe C | DWZ 1900 - 1701"]
[Site "61.HEM Erlensee 2007"]
[Date "2007.04.06"]
[Round "4.18"]
[White "Adamczyk, Matthias"]
[Black "Kuehn, Thomas"]
[Result "1/2-1/2"]
[WhiteElo "1774"]
[BlackElo "1905"]
[PlyCount "52"]
[EventDate "2007.??.??"]

1. d4 f5 2. c4 g6 3. Nc3 Bg7 4. Nf3 Nf6 5. e3 d6 6. Bd3 O-O 7. O-O Qe8 8. d5 a5
9. Re1 Na6 10. Bd2 Nc5 11. Qc2 e5 12. dxe6 Bxe6 13. Nd4 c6 14. Rad1 Qf7 15. b3
Nh5 16. Be2 g5 17. Na4 g4 18. Nxc5 dxc5 19. Nxe6 Qxe6 20. Bc3 Nf6 21. Bd3 Ne4
22. Bxg7 Kxg7 23. Bxe4 fxe4 24. Qc3+ Kg8 25. Rd2 Rf7 26. Red1 Qf5 1/2-1/2

[Event "Gruppe C | DWZ 1900 - 1701"]
[Site "61.HEM Erlensee 2007"]
[Date "2007.04.06"]
[Round "4.19"]
[White "Krueger, Till"]
[Black "Blosze, Winfried"]
[Result "1-0"]
[WhiteElo "2048"]
[BlackElo "1930"]
[PlyCount "43"]
[EventDate "2007.??.??"]

1. e4 d6 2. d4 g6 3. Nc3 Bg7 4. f4 c6 5. Nf3 Bg4 6. Be3 Nd7 7. Be2 e5 8. Qd2
Qc7 9. O-O-O Ngf6 10. h3 Bxf3 11. gxf3 Nh5 12. fxe5 dxe5 13. dxe5 Bxe5 14. Bc4
Rf8 15. Ne2 Nb6 16. Bb3 Ng3 17. Nxg3 Bxg3 18. Rhg1 Bh4 19. Bf4 Qc8 20. Bd6 Rg8
21. Qf4 Be7 22. Qxf7+ 1-0

[Event "Gruppe C | DWZ 1900 - 1701"]
[Site "61.HEM Erlensee 2007"]
[Date "2007.04.06"]
[Round "4.20"]
[White "Storkebaum, Ulrike"]
[Black "Ritscher, Georg"]
[Result "1/2-1/2"]
[WhiteElo "1930"]
[BlackElo "2011"]
[PlyCount "119"]
[EventDate "2007.??.??"]

1. e4 e5 2. Nf3 Nc6 3. d4 exd4 4. Nxd4 Bc5 5. Be3 Qf6 6. c3 Nge7 7. Bc4 O-O 8.
O-O Ne5 9. Be2 Bb6 10. Nd2 d5 11. f4 N5c6 12. e5 Qh6 13. Kh1 Nxd4 14. Bxd4 Bxd4
15. cxd4 Nf5 16. Kg1 Ne3 17. Qe1 Nxf1 18. Qxf1 Qb6 19. Nb3 a5 20. Qc1 a4 21.
Nc5 Qb4 22. Qc3 Qxc3 23. bxc3 b6 24. Nd3 Ba6 25. Kf2 c5 26. Ke3 cxd4+ 27. Kxd4
Rfc8 28. Rc1 Bc4 29. a3 Rc7 30. Bg4 Kf8 31. Nb4 Rd8 32. f5 Ke7 33. Bf3 Rc5 34.
g4 Bb3 35. g5 Rc4+ 36. Kd3 Kf8 37. Re1 d4 38. cxd4 Rdxd4+ 39. Ke3 Rh4 40. Nd5
Rxh2 41. Nxb6 Rc3+ 42. Kf4 Rf2 43. Re3 Rxe3 44. Kxe3 Rc2 45. Kd4 Ke7 46. Be4
Ra2 47. f6+ gxf6 48. exf6+ Ke6 49. Nxa4 Rxa3 50. Nc5+ Kd6 51. Bxh7 Ba2 52. Ne4+
Kc6 53. Nc3 Be6 54. Be4+ Kd7 55. g6 fxg6 56. Bxg6 Ra5 57. Be4 Rg5 58. Ne2 Ke8
59. Bc6+ Kf7 60. Nc3 1/2-1/2

[Event "Gruppe C | DWZ 1900 - 1701"]
[Site "61.HEM Erlensee 2007"]
[Date "2007.04.06"]
[Round "4.21"]
[White "Freund, Karlheinz"]
[Black "Larem, Peter"]
[Result "0-1"]
[WhiteElo "1797"]
[BlackElo "1917"]
[PlyCount "50"]
[EventDate "2007.??.??"]

1. d4 Nf6 2. Nc3 d5 3. Bg5 e6 4. e4 Be7 5. e5 Nfd7 6. Bxe7 Qxe7 7. Qd2 a6 8. f4
c5 9. Nf3 Nc6 10. Ne2 f6 11. c3 fxe5 12. fxe5 O-O 13. Ng3 cxd4 14. cxd4 Qb4 15.
O-O-O Nb6 16. Qxb4 Nxb4 17. a3 Nc6 18. Bd3 Bd7 19. Rhf1 Rac8 20. Kb1 Na5 21.
Rd2 Nac4 22. Re2 Bb5 23. Ne1 Rxf1 24. Nxf1 Rf8 25. Ng3 Rf4 0-1